Vvedenije v ekonomiko-matematičeskije modelirovanije

Salvato in:
Dettagli Bibliografici
Autore principale: Lotov, Aleksandr Vladimirovič
Natura: Libro
Lingua:russo
Pubblicazione: Moskva Nauka 1984
Tags: Aggiungi Tag
Nessun Tag, puoi essere il primo ad aggiungerne!!

MARC

LEADER 00000nam a2200000 4500
001 c108895
005 20041019155142.7
041 0 |a rus 
044 |a RU 
245 1 0 |a Vvedenije v ekonomiko-matematičeskije modelirovanije  |c Aleksandr Vladimirovič Lotov 
264 1 |a Moskva  |b Nauka  |c 1984 
300 |a 391 s. 
100 1 |a Lotov, Aleksandr Vladimirovič